000 00428nam a2200157 i 4500
001 22874
003 ES-MaACL
005 20230906152753.0
007 t|
008 021205s1932 sp ||||1| spa d
100 1 _aAlvar, M. F.
_920582
245 1 0 _aTécnica cinematográfica moderna /
_cpor M.F.Alvar.
260 _aMadrid :
_b[s.n.,
_c1932] (
_fSucs. Rivadeneyra)
300 _a552 p. ;
_c23 cm.
852 _aES-MaACL
_jF-13695
999 _c22874
_d22874